Las 10 provincias más ricas de España - Estadísticas

Estadísticas generales
  • Esta prueba ha sido intentada 516 veces
  • La puntuación promedio es 9 de 10
Estadísticas de respuestas
PIB (miles de Euros) Inicial Provincia % Correcto
146.368.312 B Barcelona
100%
186.671.422 M Madrid
100%
53.364.782 V Valencia
100%
35.352.621 S Sevilla
96%
24.048.843 Z Zaragoza
96%
27.382.809 M Málaga
86%
34.321.944 A Alicante
82%
26.995.450 M Murcia
79%
33.027.203 V Vizcaya
75%
26.130.320 I Islas Baleares
62%
No se encontraron pruebas coincidentes
Distribución de puntuación
Porcentaje de gente con cada puntuación
Porcentaje por número respondido
Historial de tus puntuaciones
No has intentado esta prueba.